• 首页
  • 本馆介绍
  • 公告通知
  • 最新文献
  • 馆藏检索
  • 电子资源
  • 读者导购
  • 参考咨询
  • 我的图书馆
  • 登录
  • 详细信息显示
  • 放入我的书架
  • 预约/预借图书
  • 作者相关作品
  • 分类相关作品
  • 丛书相关作品
  • 出版社相关作品

书目信息

  • 表格格式
  • 工作单格式
  • 卡片格式
题名:
变形记
    
 
作者: 奥维德 著 ;杨周翰 译
分册:  
出版信息: 北京   人民文学出版社  1984
页数: 224页
开本: 21cm
丛书名:
单 册:
中图分类: I546.4
科图分类:
主题词: 小说--意大利
电子资源:
ISBN:
000 00680nam0 2200253 45
001 0184003821
005 20041222101950.6
010    @dCNY0.85
091    @a10019.3651
100    @a19950608d1984 em y0chiy0121 ea
101 1  @achi@clat
102    @aCN@b110000
105    @ay z 000gy
200 10 @a变形记@Abian xing ji@f(罗马)奥维德著@F(Luo Ma)Ao Wei De Zhu@g杨周翰译
205    @a新1版
210    @a北京@c人民文学出版社@d1984
215    @a224页@d21cm
606    @a小说@y意大利
690    @aI546.4@v3
701  0 @a奥维德@4著
702  0 @a杨周翰@Ayang zhou han@4译
801  0 @aCN@b上海图书馆@c20040406
801  2 @aCN@bNLC@c20040406
905    @dI546.4@e17@f1@b116652
    
    变形记/(罗马)奥维德著/杨周翰译.-新1版.-北京:人民文学出版社,1984
    224页;21cm
    
    
    ISBN :CNY0.85
    
●
相关链接 在E读中查询图书 在五车中查询图书 在当当中查询图书 在豆瓣中查询图书


正题名:变形记     索取号:I546.4/17         预约/预借

序号 登录号 条形码 馆藏地/架位号 状态 备注
1 0116651   000673104   第二借阅区/ [索取号:I546.4/17] 在馆    
2 0116652   000672999   第二借阅区/ [索取号:I546.4/17] 在馆    
3 0116653   000672980   第二借阅区/ [索取号:I546.4/17] 在馆    
4 0116654   000673122   第二借阅区/ [索取号:I546.4/17] 在馆    
5 0116655   001811917   密集书库/ [索取号:I546.4/17] 在馆    
6 0116656   001811837   密集书库/ [索取号:I546.4/17] 在馆    
7 0116657   001811873   密集书库/ [索取号:I546.4/17] 在馆    
8 0116658   000673113   第二借阅区/ [索取号:I546.4/17] 在馆    
9 0116659   000673006   第二借阅区/ [索取号:I546.4/17] 在馆    
10 0116660   000673097   第二借阅区/ [索取号:I546.4/17] 在馆    
11 0117580   000673079   第二借阅区/ [索取号:I546.4/17] 在馆    
12 0117581   000673088   第二借阅区/ [索取号:I546.4/17] 在馆    
13 0117582   000673051   第二借阅区/ [索取号:I546.4/17] 在馆    
14 0117583   000673060   第二借阅区/ [索取号:I546.4/17] 在馆    
15 0117584   202440732   第一样本阅览室/ [索取号:I546.4/17] 在馆    
欢迎您!
大连网信软件有限公司© 版权所有